| 000 | 00615nam a2200193 a 4500 | ||
|---|---|---|---|
| 005 | 20221118063530.0 | ||
| 008 | 991125s1941 mx 000 0 spa u | ||
| 035 | _aUPN01000034873 | ||
| 049 | _aLT | ||
| 050 | 4 |
_aLB1573 M6.5 _bH5.4 1941 |
|
| 100 | 1 |
_aHidalgo Monroy, Luis, _d1876-1946 _928900 |
|
| 245 | 1 | 1 |
_a¡Levántate! : _blibro quinto de lectura / _cpor Luis Hidalgo Monroy. |
| 250 | _a4a ed. | ||
| 260 |
_aMéxico : _bHerrero, _c1941. |
||
| 300 |
_a277 p. : _bil. |
||
| 500 | _a"Para uso de los alumnos de los años superiores" | ||
| 650 | 4 |
_aLectura _xEstudio y enseñanza (Elemental) _92805 |
|
| 905 | _aLibro | ||
| 999 |
_c34873 _d34873 |
||